000 00293 a2200109 4500
001 68582
040 _cAnchieta - Itaigara
240 1 0 _aAcampamento Arraial Uniser
_l
245 1 0 _aAcampamento Arraial Uniser
650 4 _aDocumentários, mídia educacional, jornalismo e publicidade
942 _cMX
999 _c68582
_d68582